[Event "Benidorm op U2300 12th"]
[Site "Benidorm"]
[Date "2013.12.01"]
[Round "3"]
[White "Carrascoso Morales, Abel"]
[Black "Hristodorescu, Daniel"]
[Result "1-0"]
[WhiteElo "2300"]
[BlackElo "2207"]
[PlyCount "81"]
[EventDate "2013.11.29"]
[EventType "swiss"]
[EventRounds "10"]
[EventCountry "ESP"]
[SourceTitle "CBM 157 Extra"]
[Source "ChessBase"]
[SourceDate "2013.12.19"]
[SourceVersion "1"]
[SourceVersionDate "2013.12.19"]
[SourceQuality "1"]

1. d4 Nf6 2. Nf3 g6 3. c4 Bg7 4. Nc3 0-0 5. e4 d6 6. Be2 e5 7. 0-0 Nc6 8. d5 Ne7 9. b4 Ne8 10. c5 f5 11. Nd2 Bh6 12. Nc4 Bxc1 13. Rxc1 f4 14. a4 Kh8 15. b5 b6 16. cxd6 cxd6 17. Na2 Ng8 18. Nb4 Qh4 19. Nc6 g5 20. N4xe5 dxe5 21. Nxe5 Qh6 22. Qd4 Qg7 23. Rfd1 Ngf6 24. d6 Nd7 25. Rxc8 Rxc8 26. Nxd7 Qxd4 27. Rxd4 Rg8 28. Ne5 Rc1+ 29. Bf1 Nxd6 30. Rxd6 Re8 31. Nf7+ Kg7 32. Nxg5 h6 33. Ne6+ Kf7 34. Nxf4 Rxe4 35. Nd5 Rd4 36. Rc6 Rxc6 37. bxc6 Rd1 38. Ne3 Rc1 39. Nc4 Ke7 40. f4 a6 41. f5 1-0

[Event "Mislata op-A 47th"]
[Site "Mislata"]
[Date "2013.08.13"]
[Round "3"]
[White "Carrascoso Morales, Abel"]
[Black "Pena Riasco, Alexander"]
[Result "1-0"]
[WhiteElo "2288"]
[BlackElo "2121"]
[PlyCount "49"]
[EventDate "2013.08.12"]
[EventType "swiss"]
[EventRounds "9"]
[EventCountry "ESP"]
[SourceTitle "EXT 2024"]
[Source "ChessBase"]
[SourceDate "2023.10.10"]
[SourceVersion "1"]
[SourceVersionDate "2023.10.10"]
[SourceQuality "1"]

1. c4 Nf6 2. Nc3 c6 3. e4 d5 4. cxd5 cxd5 5. e5 Nfd7 6. d4 Nb6 7. Bd3 Nc6 8. Nge2 g6 9. h4 Bg7 10. h5 0-0 11. b3 Bd7 12. Be3 Rc8 13. Rc1 Be6 14. Qd2 Re8 15. hxg6 fxg6 16. Bh6 Bh8 17. Qg5 Kf7 18. Nf4 Rg8 19. Nxe6 Kxe6 20. Qg4+ Kf7 21. e6+ Ke8 22. Bf4 Na8 23. Bxg6+ Kf8 24. Bh6+ Rg7 25. Qf5+ 1-0

[Event "Almansa op-A"]
[Site "Almansa"]
[Date "2013.08.11"]
[Round "9.1"]
[White "Carrascoso Morales, Abel"]
[Black "Cano Gimenez, Vicente"]
[Result "0-1"]
[WhiteElo "2288"]
[BlackElo "2225"]
[PlyCount "70"]
[EventDate "2013.08.06"]
[EventType "swiss"]
[EventRounds "9"]
[EventCountry "ESP"]
[SourceTitle "EXT 2024"]
[Source "ChessBase"]
[SourceDate "2023.10.10"]
[SourceVersion "1"]
[SourceVersionDate "2023.10.10"]
[SourceQuality "1"]

1. d4 Nf6 2. Nf3 c5 3. d5 b5 4. a4 b4 5. c4 g6 6. Qc2 Bg7 7. e4 d6 8. Bd3 Nbd7 9. h3 0-0 10. 0-0 Ne8 11. Bg5 b3 12. Qc1 Nc7 13. Bh6 Na6 14. Bxg7 Kxg7 15. Qc3+ f6 16. Nbd2 Rb8 17. Ra3 Nb4 18. Bb1 Kg8 19. Rxb3 e5 20. dxe6 Ne5 21. Nh2 Nec6 22. Ndf3 Bxe6 23. Ng4 Na5 24. Ra3 Nxc4 25. Ng5 Qe7 26. Nxe6 Qxe6 27. f4 Nxa3 28. bxa3 Nc6 29. Bd3 Kh8 30. f5 gxf5 31. Rxf5 Ne5 32. Bc2 Qc4 33. Qa5 Nxg4 34. hxg4 Qxc2 35. Rf2 Rb1+ 0-1

[Event "Almansa op-A"]
[Site "Almansa"]
[Date "2013.08.08"]
[Round "5.3"]
[White "Carrascoso Morales, Abel"]
[Black "Romero Berruezo, Francisco"]
[Result "0-1"]
[WhiteElo "2288"]
[BlackElo "2154"]
[PlyCount "106"]
[EventDate "2013.08.06"]
[EventType "swiss"]
[EventRounds "9"]
[EventCountry "ESP"]
[SourceTitle "EXT 2024"]
[Source "ChessBase"]
[SourceDate "2023.10.10"]
[SourceVersion "1"]
[SourceVersionDate "2023.10.10"]
[SourceQuality "1"]

1. e4 c5 2. Nf3 a6 3. g3 e6 4. Bg2 d6 5. 0-0 Nc6 6. Re1 Be7 7. Nc3 Bd7 8. d4 cxd4 9. Nxd4 Qc7 10. h3 Nf6 11. Nb3 0-0 12. g4 b5 13. g5 Ne8 14. Qh5 b4 15. Ne2 a5 16. Be3 a4 17. Nbd4 Ra5 18. f4 Nxd4 19. Nxd4 Bc8 20. f5 exf5 21. exf5 Bxf5 22. Nc6 Rb5 23. Qe2 Re5 24. Qf2 Be6 25. Bb6 Rxe1+ 26. Rxe1 Qd7 27. h4 b3 28. cxb3 axb3 29. a4 Nc7 30. a5 Re8 31. Qd4 Bf8 32. Nb4 Nb5 33. Qe3 Rc8 34. Rc1 Rxc1+ 35. Qxc1 d5 36. Nc6 Nd6 37. Ne5 Qa4 38. Qe1 Nc4 39. g6 hxg6 40. Nxg6 Nxb6 41. Nxf8 Qd4+ 42. Qf2 Qxf2+ 43. Kxf2 Nc8 44. Nxe6 fxe6 45. Bh3 Kf7 46. Ke3 Na7 47. Bg4 Ke7 48. Kd2 Kd6 49. Kc3 Nc6 50. a6 e5 51. Kxb3 Kc5 52. Kc3 e4 53. b4+ Kb6 0-1

[Event "Almansa op-A"]
[Site "Almansa"]
[Date "2013.08.07"]
[Round "2.2"]
[White "Carrascoso Morales, Abel"]
[Black "Arias Igual, Alejandro"]
[Result "0-1"]
[WhiteElo "2288"]
[BlackElo "2155"]
[PlyCount "93"]
[EventDate "2013.08.06"]
[EventType "swiss"]
[EventRounds "9"]
[EventCountry "ESP"]
[SourceTitle "EXT 2024"]
[Source "ChessBase"]
[SourceDate "2023.10.10"]
[SourceVersion "1"]
[SourceVersionDate "2023.10.10"]
[SourceQuality "1"]

1. d4 d5 2. Nf3 e6 3. g3 c5 4. Bg2 Nc6 5. 0-0 Nf6 6. c4 Be7 7. dxc5 Bxc5 8. cxd5 exd5 9. Bg5 0-0 10. Bxf6 Qxf6 11. Qxd5 Qxb2 12. Nbd2 Bb6 13. Nc4 Be6 14. Qxe6 Qxa1 15. Qxf7+ Rxf7 16. Rxa1 Bc5 17. Rd1 Rd8 18. Rxd8+ Nxd8 19. e3 Rd7 20. e4 Rd1+ 21. Bf1 Kf8 22. Kg2 Ke7 23. Ncd2 Nc6 24. Nb3 Bb6 25. Bc4 Rb1 26. Bg8 Rb2 27. Nbd2 Ne5 28. Nxe5 Rxd2 29. h4 Rxf2+ 30. Kh3 Bc7 31. Nc4 Rxa2 32. Bxh7 Re2 33. Kg4 b5 34. Kf3 Ra2 35. Ne3 Ra3 36. Ke2 Bxg3 37. h5 Be5 38. Bg8 a5 39. Bd5 Kd6 40. Nf5+ Kc5 41. Ne3 Rxe3+ 42. Kxe3 a4 43. Kd3 b4 44. Bf7 b3 45. Kd2 Kb4 46. h6 gxh6 47. Bd5 0-1

[Event "Quart de Poblet Sub2300 1st"]
[Site "Quart de Poblet"]
[Date "2013.07.28"]
[Round "6.2"]
[White "Carrascoso Morales, Abel"]
[Black "Cruz Lledo, Pablo"]
[Result "1-0"]
[WhiteElo "2288"]
[BlackElo "2258"]
[PlyCount "61"]
[EventDate "2013.07.20"]
[EventType "swiss"]
[EventRounds "7"]
[EventCountry "ESP"]
[SourceTitle "EXT 2024"]
[Source "ChessBase"]
[SourceDate "2023.10.10"]
[SourceVersion "1"]
[SourceVersionDate "2023.10.10"]
[SourceQuality "1"]

1. e4 c6 2. d4 d5 3. Nd2 dxe4 4. Nxe4 Bf5 5. Ng3 Bg6 6. h4 h6 7. Nf3 Nd7 8. h5 Bh7 9. Bd3 Bxd3 10. Qxd3 e6 11. Bd2 Ngf6 12. 0-0-0 Qc7 13. Ne5 Nxe5 14. dxe5 Qxe5 15. Bc3 Qd5 16. Bxf6 Qxd3 17. Rxd3 gxf6 18. Rhd1 f5 19. Nxf5 exf5 20. Re1+ Be7 21. Rde3 0-0-0 22. Rxe7 Rd7 23. Re8+ Rxe8 24. Rxe8+ Kc7 25. Re5 Kd6 26. Rxf5 Ke6 27. g4 Rd5 28. Rxd5 cxd5 29. f4 f5 30. g5 hxg5 31. fxg5 1-0

[Event "Quart de Poblet Sub2300 1st"]
[Site "Quart de Poblet"]
[Date "2013.07.27"]
[Round "5.3"]
[White "Gimeno Martos, Roberto"]
[Black "Carrascoso Morales, Abel"]
[Result "0-1"]
[WhiteElo "2126"]
[BlackElo "2288"]
[PlyCount "48"]
[EventDate "2013.07.20"]
[EventType "swiss"]
[EventRounds "7"]
[EventCountry "ESP"]
[SourceTitle "EXT 2024"]
[Source "ChessBase"]
[SourceDate "2023.10.10"]
[SourceVersion "1"]
[SourceVersionDate "2023.10.10"]
[SourceQuality "1"]

1. e4 e5 2. d4 exd4 3. Nf3 Bb4+ 4. c3 dxc3 5. bxc3 Be7 6. Bc4 d5 7. exd5 Nf6 8. 0-0 0-0 9. Re1 Nbd7 10. Bf1 Nc5 11. c4 Bg4 12. h3 Bh5 13. Bf4 Nfe4 14. g4 Bg6 15. Nbd2 f5 16. gxf5 Bxf5 17. Be3 Bf6 18. Nd4 Bxd4 19. Bxd4 Qg5+ 20. Kh1 Nxd2 21. Bxc5 Be4+ 22. Rxe4 Nxe4 23. Be3 Nxf2+ 24. Bxf2 Rxf2 0-1